Statistics for Just for MLP fans

Click here to take the quiz!

General Stats

  • This quiz has been taken 339 times
  • The average score is 8 of 16

Answer Stats

HintAnswer% Correct
Rarity hates this colorGreen
85%
The last Mane-Six pony to get a petRainbow Dash
83%
Winona is who's pet?Applejack
72%
Rainbow Dash is fan of this book seriesDaring Do
70%
"I KNOW YOU'RE IN THEEEEEERE!!!" Who said that?Pinkie Pie
68%
And that's why they call their club...The Cutie Mark Crusaders
66%
Spike's favorite foodGems
63%
Number of times Rarity said "Worst... Possible... THING!!!" in "Lesso Zero"3
59%
Apple Bloom, Sweetie Belle and Scootaloo have this in commonThey have no cutie mark
54%
This magic fruit grows only once a year in Sweet Apple AcresZap Apples
37%
Fluttershy once took motivation lessons from this minotaurIron Will
36%
Twilight's foalhood dollSmarty Pants
28%
Derpy's original nameDitzy Doo
25%
Discord's speciesDraconequus
23%
Fluttershy sang "My Little Pony" tune in this episodeThe Ticket Master
11%
Fluttershy and Rainbow Dash were born in this cityCouldsdale
3%

Score Distribution

Percentile by Number Answered

Percent of People with Each Score

Your Score History

You have not taken this quiz